LEADER 02369nas 2200481 n 450 001 990008892020403321 005 20240229084347.0 011 $a0003-0996 035 $a000889202 035 $aFED01000889202 035 $a(Aleph)000889202FED01 035 $a000889202 091 $2CNR$aP 00000757 100 $a20161109a19429999km-y0itaa50------ba 101 0 $aeng 102 $aUS 110 $aauu-------- 200 1 $aAmerican scientist 207 1$a1942- 210 $aNew York$cSigma Xi 452 0$12001$aAmerican scientist (Online) 530 0 $aAmerican scientist 675 $a001.891 675 $a5 675 $a6 676 $a378/.1985450973 712 02$aSociety of the Sigma XI 801 0$aIT$bACNP$c20090723 859 4 $uhttp://acnp.cib.unibo.it/cgi-ser/start/it/cnr/dc-p1.tcl?catno=366&person=false&language=ITALIANO&libr=&libr_th=unina1$zBiblioteche che possiedono il periodico 901 $aSE 912 $a990008892020403321 958 $aBiblioteca. Facoltà di Scienze Matematiche Fisiche e Naturali dell'Università Federico II$b1982-1998;$c1987-1988;1991-1993;1997;$fSC1 958 $aBiblioteca "Roberto Stroffolini" - Dipartimento di Scienze Fisiche dell'Università Federico II$b1964-2000;$c1965;$fFI1 958 $aBiblioteca del Gruppo Geomineralogico - Università degli studi di Napoli Federico II$b1965-1970;1977-1991;1993-1996;1998-2006;$c1965;1968-1970;1977-1982;1993;1998;$eSc. 38$fGM1 959 $aSC1 959 $aFI1 959 $aGM1 996 $aAmerican scientist$9801981 997 $aUNINA AP1 8 $6866-01$aNA018 Biblioteca. Facoltà di Scienze Matematiche Fisiche e Naturali dell'Università Federico II$eVia Cintia-Monte S. Angelo, 80126 Napoli (NA)$m081676740/41/39$m081676740$nit AP1 8 $6866-02$aNA079 Biblioteca "Roberto Stroffolini" - Dipartimento di Scienze Fisiche dell'Università Federico II$eVia Cintia-Monte S. Angelo, 80126 Napoli (NA)$m081.676253;676756;676443$m081.676434$nit AP1 8 $6866-03$aNA081 Biblioteca del Gruppo Geomineralogico - Università degli studi di Napoli Federico II$bSc. 38$elargo San Marcellino, 10, 80138 Napoli (NA)$m0812538157$nit AP2 40$aacnp.cib.unibo.it$nACNP Italian Union Catalogue of Serials$uhttp://acnp.cib.unibo.it/cgi-ser/start/it/cnr/df-p.tcl?catno=366&language=ITALIANO&libr=&person=&B=1&libr_th=unina&proposto=NO LEADER 03066nam 2200793z- 450 001 9910557216503321 005 20260126234026.0 035 $a(CKB)5400000000041780 035 $a(oapen)https://directory.doabooks.org/handle/20.500.12854/74042 035 $a(oapen)doab74042 035 $a(EXLCZ)995400000000041780 100 $a20202111d2020 |y 0 101 0 $aeng 135 $aurmn|---annan 181 $ctxt$2rdacontent 182 $cc$2rdamedia 183 $acr$2rdacarrier 200 00$aAn Infectious Origin of Alzheimer's Disease: An End for This Devastating Disorder? 210 $cFrontiers Media SA$d2020 215 $a1 online resource (190 p.) 311 08$a2-88963-903-7 330 $aThis eBook is a collection of articles from a Frontiers Research Topic. Frontiers Research Topics are very popular trademarks of the Frontiers Journals Series: they are collections of at least ten articles, all centered on a particular subject. With their unique mix of varied contributions from Original Research to Review Articles, Frontiers Research Topics unify the most influential researchers, the latest key findings and historical advances in a hot research area! Find out more on how to host your own Frontiers Research Topic or contribute to one as an author by contacting the Frontiers Editorial Office: frontiersin.org/about/contact 517 $aInfectious Origin of Alzheimer’s Disease 517 $aInfectious Origin of Alzheimer?s Disease 606 $aNeurosciences$2bicssc 606 $aScience: general issues$2bicssc 610 $aAlzheimer's disease 610 $aAmyloid 610 $aBacteria 610 $aBacterial amyloid 610 $aBeta amyloid 610 $aBiofilm 610 $aDementia 610 $aHSV1 610 $aInfection 610 $aInflammation 610 $aPathogens 610 $aSenile plaque 610 $aSpirochetes 610 $aTau 610 $aVirus 615 7$aNeurosciences 615 7$aScience: general issues 700 $aMiklossy$b Judith$4edt$01325071 702 $aTanzi$b Rudolph$4edt 702 $aMcCully$b Kilmer$4edt 702 $aPerry$b George$f1953-$4edt 702 $aCotman$b Carl$4edt 702 $aCrean$b StJohn$4edt 702 $aRichard Chapman$b Matthew$4edt 702 $aFu?lo?p$b Tama?s$4edt 702 $aMcGeer$b Patrick$4edt 702 $aDavid Moir$b Robert$4edt 702 $aAllen$b Herbert B$4edt 702 $aMiklossy$b Judith$4oth 702 $aTanzi$b Rudolph$4oth 702 $aMcCully$b Kilmer$4oth 702 $aPerry$b George$4oth 702 $aCotman$b Carl$4oth 702 $aCrean$b StJohn$4oth 702 $aRichard Chapman$b Matthew$4oth 702 $aFulop$b Tamas$4oth 702 $aMcGeer$b Patrick$4oth 702 $aDavid Moir$b Robert$4oth 702 $aAllen$b Herbert B$4oth 906 $aBOOK 912 $a9910557216503321 996 $aAn Infectious Origin of Alzheimer?s Disease: An End for This Devastating Disorder$93036546 997 $aUNINA